Nicaragua: Autonomía y revolución/

Salvato in:
Dettagli Bibliografici
Autore principale: Díaz Polanco, Héctor
Altri autori: López y Rivas, Gilberto
Natura: testo
Pubblicazione: México D.F: Juan Pablos Editor
Tags: Aggiungi Tag
Nessun Tag, puoi essere il primo ad aggiungerne!!

MARC

LEADER 00000 a a2200000 04500
001 23447
003
040
020 |a 968-6039-59-7  
022 |a 968-6039-59-7  
090 |a 162100  
100 |a Díaz Polanco, Héctor  
245 |a Nicaragua: Autonomía y revolución/   |c Héctor Díaz Polanco 
260 |a México D.F:   |b Juan Pablos Editor  
300 |a 179 p  
700 |a López y Rivas, Gilberto  
999 |c 16401  |d 16401